000 00442nam a2200145Ia 4500
008 230917s9999||||xx |||||||||||||| ||und||
040 _e134517
_aMAIN
041 _aEnglish
082 _a301.426 I8N
100 _aPopulation Research Centre (Tamil Nadu)
245 0 _aNational family health survey 1992: Tamil Nadu summary report
260 _aMumbai
_bIntwernational Institute for Population Science
_c1994
300 _a23 p.
942 _cBK
999 _c79390
_d79390